[Event "FRA-ch U18 Girls"]
[Site "Le Grand Bornand"]
[Date "2003.??.??"]
[Round "8.10"]
[White "Roos, Eliane"]
[Black "Blanchard, Ophelie"]
[Result "0-1"]
[WhiteElo "1840"]
[BlackElo "1580"]
[PlyCount "70"]
[EventDate "2003.??.??"]
[EventType "swiss"]
[EventRounds "9"]
[EventCountry "FRA"]
[SourceTitle "EXT 2004"]
[Source "ChessBase"]
[SourceDate "2003.11.25"]
[SourceVersion "1"]
[SourceVersionDate "2003.11.25"]
[SourceQuality "1"]

1. d4 d5 2. c4 e6 3. Nc3 Nf6 4. Bg5 Be7 5. e3 0-0 6. Nf3 Re8 7. Rc1 Nbd7 8. Bd3 Nf8 9. 0-0 dxc4 10. Bxc4 Ng6 11. Bd3 a6 12. a3 b6 13. Bxf6 Bxf6 14. Be4 Rb8 15. Bc6 Bd7 16. Ne4 Be7 17. Qa4 Bxc6 18. Rxc6 a5 19. Rfc1 Bd6 20. R1c3 Re7 21. Qc2 Re8 22. a4 Ne7 23. Nxd6 cxd6 24. Rc7 Nd5 25. Nd2 Nxc7 26. Rxc7 Rc8 27. Rc3 d5 28. e4 Rxc3 29. bxc3 Qc7 30. e5 Rc8 31. Nb1 Qc4 32. Qd1 b5 33. axb5 Qxb5 34. h3 Rb8 35. Nd2 a4 0-1